Top 15 Most Powerful Countries - Statistics

General Stats
  • This quiz has been taken 28 times
  • The average score is 13 of 15
Answer Stats
Rank Country % Correct
3rd China
100%
9th France
100%
10th Italy
100%
2nd Russia
100%
1st United States
100%
5th United Kingdom
96%
4th India
93%
12th Brazil
89%
8th Japan
89%
11th Turkey
78%
14th Egypt
74%
13th Indonesia
74%
7th Pakistan
74%
6h South Korea
74%
15th Ukraine
48%
No matching quizzes found
Score Distribution
Percent of People with Each Score
Percentile by Number Answered
Your Score History
You have not taken this quiz